[Event "Buenos Aires Najdorf qual"]
[Site "Buenos Aires"]
[Date "1992.??.??"]
[Round "5"]
[White "Juarez, Alberto"]
[Black "Kanefsck, Gustavo"]
[Result "0-1"]
[WhiteElo "2265"]
[BlackElo "2385"]

1.d4 Nf6 2.c4 e6 3.Nc3 Bb4 4.f3 d5 5.a3 Bxc3+ 6.bxc3 c5 7.cxd5 Nxd5 8.Qd3 O-O
9.e4 Ne7 10.Be3 Qa5 11.Qd2 Rd8 12.Bd3 Nbc6 13.Ne2 b6 14.Ra2 Ba6 15.Bxa6 Qxa6
16.O-O Rac8 17.Rd1 Qc4 18.Raa1 Na5 19.Qa2 cxd4 20.cxd4 Qa4 21.Rdc1 h6 22.Nc3 Qb3
23.Rab1 Qxa2 24.Nxa2 Nc4 25.Rb3 Nxe3 26.Rxc8 Nxc8 27.Rxe3 Rxd4 28.Nb4 a5
29.Rc3 Nd6 30.Nd3 Kh7 31.Kf2 Rxe4 32.Rb3 Rd4 33.Ne5 b5 34.Ke3 Ra4 35.Rd3 Nf5+
36.Kf2 f6 37.Nc6 e5 38.g4 Nd4 39.Na7 b4 40.axb4 axb4 41.Nc8 Ra2+  0-1

[Event "Grand Prix II"]
[Site "Buenos Aires"]
[Date "1992.??.??"]
[Round "7"]
[White "Asensio, Enrique"]
[Black "Escandell, Juan Carlos"]
[Result "1/2-1/2"]
[WhiteElo "2225"]
[BlackElo "2310"]

1.d4 Nf6 2.c4 e6 3.Nc3 Bb4 4.f3 c5 5.d5 d6 6.Bd2 O-O 7.e4 Re8 8.Nge2 a6 9.Nf4 b5
10.Bd3 exd5 11.Nfxd5 Nxd5 12.Nxd5 Bxd2+ 13.Qxd2 Be6 14.O-O Bxd5 15.exd5 bxc4
16.Bxc4 Nd7 17.Rfe1 Ne5 18.b3 Qb6 19.Re2 Nd7 20.Rae1 Rxe2 21.Qxe2 Nf6 22.a4 h6
23.Qd3 Kf8 24.Re3 Qb7 25.Qf5 a5 26.Qd3 Re8 27.Rxe8+ Kxe8 28.Bb5+ Kf8 29.Bc4 Qb4
30.Kf2 Qb7 31.Qf5 Ke7 32.Ke2 Kd8 33.Qf4 Qe7+ 34.Kf2 Kc7 35.g3 Kb6 36.Qf5 Kc7
37.Qf4 Nd7 38.Qd2 Kb6 39.Qf4 Qf6 40.Qxf6 Nxf6 41.Ke3 Kc7 42.Kf4 Kd8 43.Ke3 Ke7
44.Kd3 Nd7 45.Ke4 g6 46.f4 f5+ 47.Kf3 Nf6 48.h4 Ne4 49.Kg2 Kf6 50.Kf3 g5
51.hxg5+ hxg5 52.Kg2 Kg6 53.Kh2 Nf6 54.Kg2  1/2-1/2

[Event "Caciulata"]
[Site "Calimanesti"]
[Date "1992.??.??"]
[Round "?"]
[White "Marin, Mihail"]
[Black "Maksimenko, Andrei"]
[Result "1/2-1/2"]
[WhiteElo "2525"]
[BlackElo "2455"]

1.d4 Nf6 2.c4 e6 3.Nc3 Bb4 4.f3 O-O 5.e4 d5 6.cxd5 exd5 7.e5 Nfd7 8.a3 Bxc3+
9.bxc3 f6 10.exf6 Qxf6 11.Nh3 c5 12.Bg5 Qd6 13.Bd3 cxd4 14.cxd4 Nb6 15.Nf2 Nc6
16.O-O Bf5 17.Bb5 Rac8 18.Qd2 a6 19.Bf4 Qf6 20.Bxc6 Rxc6 21.Be5 Nc4 22.Qe2 Qe7
23.f4 Rb6 24.Qf3 Qf7 25.Rfe1 h5 26.g3 a5 27.a4 Rb4 28.Re2 Bd7 29.Rae1 Bxa4
30.Nh3 Rb3 31.Qg2 Bc6 32.f5 Qxf5 33.Nf4 a4 34.Bxg7 Kxg7 35.Ne6+ Kg8 36.Nxf8 Qxf8
37.Rf2 Qg7 38.Rf4 Nd6 39.Qh3 Ne4 40.Qe6+ Kh8 41.Ref1 Bd7 42.Qxd5 Rxg3+ 43.hxg3 Qxg3+
44.Kh1 Qh3+ 45.Kg1 Qg3+ 46.Kh1 Qh3+ 47.Kg1 Qg3+ 48.Kh1  1/2-1/2

[Event "Cannes op"]
[Site "Cannes"]
[Date "1992.??.??"]
[Round "?"]
[White "Pein, Malcolm"]
[Black "Dorfman, Josif D"]
[Result "1/2-1/2"]
[WhiteElo "2450"]
[BlackElo "2605"]

1.d4 Nf6 2.c4 e6 3.Nc3 Bb4 4.f3 Nc6 5.e4 e5 6.a3 Bxc3+ 7.bxc3 d6 8.Be3 O-O
9.Ne2 Na5 10.Ng3 Nd7 11.Bd3 Nb6 12.Qe2 Be6 13.d5 Bc8 14.O-O Nd7 15.Rab1 b6
16.Qf2 Ba6 17.Nf5 Kh8 18.Qg3 Rg8 19.Rb4 c5 20.Ra4 Qf8 21.Qh3 Bc8 22.f4 Nb7
23.Rf3 Nf6 24.fxe5 dxe5 25.Qh4 Nd6 26.Nh6 Nfe8 27.Nxg8 Kxg8 28.g4 Bd7 29.Bc2 h6
30.g5 hxg5 31.Bxg5 f6 32.Be3 Kf7 33.Rg3 Ke7 34.Kg2 Kd8 35.Qh7 Kc7 36.h4 a5
37.h5 Rb8 38.h6 g5 39.Qg6 Qf7 40.Qxf7 Nxf7 41.h7 Ned6 42.Rf3 Rh8 43.Rxf6 Rxh7
44.Bxc5 bxc5 45.Rxa5 Nb7 46.Ra8 Nfd6 47.Rg6 g4 48.Ba4 Bxa4 49.Rxa4 Rh3 50.Ra6 Rxc3
51.Rg7+ Kb8 52.Rg8+ Kc7 53.Rg7+ Kb8 54.Rg8+ Kc7 55.Rg7+  1/2-1/2

[Event "Cannes Martinez op"]
[Site "Cannes"]
[Date "1992.??.??"]
[Round "?"]
[White "Eliet, Renaud"]
[Black "Pogorelov, Ruslan"]
[Result "1/2-1/2"]
[WhiteElo "2235"]
[BlackElo "2395"]

1.d4 Nf6 2.c4 e6 3.Nc3 Bb4 4.f3 d5 5.a3 Bxc3+ 6.bxc3 c5 7.cxd5 Nxd5 8.dxc5 f5
9.Nh3 O-O 10.c4 Nf6 11.Bf4 Qa5+ 12.Qd2 Qa4 13.Qb4 Qc6 14.Qb5 Rd8 15.Rb1 Na6
16.Qxc6 bxc6 17.Rd1 Rxd1+ 18.Kxd1 Nxc5 19.e3 Ba6 20.Nf2 Nfd7 21.Nd3 Nxd3
22.Bxd3 e5 23.Bg3 g6 24.Kc2 Kf7 25.Rb1 Kf6 26.Be2 c5 27.Kc3 Rb8 28.Rxb8 Nxb8
29.Bd1 Bb7 30.Kb3 Bc6 31.Be1 Nd7 32.Bf2 Nf8 33.Kc3 Ne6 34.Kd3 g5 35.h4 h6
36.hxg5+ hxg5 37.Ke2 f4 38.g3 fxe3 39.Kxe3 Nd4 40.f4 gxf4+ 41.gxf4 Nf5+ 42.Kd2 Nd6
43.fxe5+ Kxe5 44.Bg3+ Ke6 45.Bg4+ Ke7 46.Bh4+  1/2-1/2

[Event "Cappelle op"]
[Site "Cappelle la Grande"]
[Date "1992.??.??"]
[Round "6"]
[White "Wells, Peter K"]
[Black "Helgason, Reynir"]
[Result "1-0"]
[WhiteElo "2470"]
[BlackElo "2335"]

1.d4 Nf6 2.c4 e6 3.Nc3 Bb4 4.f3 c5 5.d5 d6 6.e4 Nh5 7.Ne2 O-O 8.g4 Qh4+ 9.Kd2 Nf6
10.Qe1 Qxe1+ 11.Kxe1 b5 12.a3 Ba5 13.Bf4 e5 14.Bd2 bxc4 15.Ng3 Ba6 16.Nf5 Bc7
17.Nd1 Nfd7 18.a4 g6 19.Nfe3 Nb6 20.a5 Nc8 21.Bxc4 Ne7 22.Ke2 f5 23.gxf5 gxf5
24.Rg1+ Kh8 25.Bxa6 Nxa6 26.f4 fxe4 27.fxe5 dxe5 28.Nf2 Nb4 29.Bxb4 cxb4
30.Nxe4 Rad8 31.Nc5 Nxd5 32.Nxd5 Rxd5 33.Ne6 Rf7 34.Rac1 Bd8 35.Rc8 Rfd7
36.Rf1 Rd2+ 37.Ke3 h6 38.Rf8+ Kh7 39.Rcxd8 Rxd8 40.Rxd8 Rxb2 41.a6 Rxh2 42.Rd7+ Kg6
43.Rxa7 Ra2 44.Nc7 h5 45.Rb7 h4 46.a7 h3 47.Rb6+  1-0

[Event "Cappelle op"]
[Site "Cappelle la Grande"]
[Date "1992.??.??"]
[Round "7"]
[White "Khenkin, Igor"]
[Black "Balashov, Yuri S"]
[Result "1/2-1/2"]
[WhiteElo "2530"]
[BlackElo "2565"]

1.d4 Nf6 2.c4 e6 3.Nc3 Bb4 4.f3 d5 5.a3 Bxc3+ 6.bxc3 c5 7.cxd5 Nxd5 8.Qd3 O-O
9.e4 Ne7 10.Nh3 cxd4 11.cxd4 b6 12.Qe3 Ba6 13.Bxa6 Nxa6 14.Bb2 Rc8 15.O-O Qd7
16.Rf2 Rfd8 17.Nf4 Nc7 18.Nh5 Ne8 19.d5 f6 20.dxe6 Qxe6 21.Nf4 Qf7 22.Rd2 Ng6
23.Rad1 Rxd2 24.Rxd2 Nxf4 25.Qxf4 Qe7 26.h4 Rd8 27.Rxd8 Qxd8 28.h5 Qd1+ 29.Kh2 Qd6
30.Kg3 Qxf4+ 31.Kxf4 Nd6 32.Bc1  1/2-1/2

[Event "JUG-chT"]
[Site "Cetinje"]
[Date "1992.??.??"]
[Round "?"]
[White "Spiric, Igor"]
[Black "Ostojic, Nikola"]
[Result "1/2-1/2"]
[WhiteElo "2360"]
[BlackElo "2460"]

1.d4 Nf6 2.c4 e6 3.Nc3 Bb4 4.f3 d5 5.a3 Be7 6.e4 c5 7.e5 Nfd7 8.cxd5 exd5
9.f4 cxd4 10.Qxd4 Nb6 11.Nf3 Nc6 12.Qd1 Bg4 13.Be2 O-O 14.O-O Rc8 15.h3 Bxf3
16.Bxf3 d4 17.Ne4 d3 18.Kh1 Qd4 19.f5 Nxe5 20.f6 Bxf6 21.Nxf6+ gxf6  1/2-1/2

[Event "JUG-chT"]
[Site "Cetinje"]
[Date "1992.??.??"]
[Round "?"]
[White "Jacimovic, Dragoljub"]
[Black "Pajkovic, Vladimir"]
[Result "1-0"]
[WhiteElo "2400"]
[BlackElo "2425"]

1.d4 Nf6 2.c4 e6 3.Nc3 Bb4 4.f3 Nc6 5.a3 Bxc3+ 6.bxc3 d6 7.e4 Nd7 8.Bd3 Qe7
9.Be3 b6 10.Nh3 Na5 11.O-O Ba6 12.Qe2 O-O 13.Kh1 Qe8 14.f4 f5 15.Nf2 Nf6
16.e5 Ne4 17.Nxe4 fxe4 18.Bxe4 d5 19.Bb1 Bxc4 20.Qc2 g6 21.Rf3 c5 22.h4 Rc8
23.h5 Kg7 24.hxg6 hxg6 25.Rg3 Rf5 26.Qd1 Qf7 27.Bxf5 Qxf5 28.Qa4 Nc6 29.Kg1 b5
30.Qd1 cxd4 31.cxd4 a5 32.Qd2 Rf8 33.Qf2 Qe4 34.Re1 Rh8 35.f5 exf5 36.Bh6+ Rxh6
37.Rxe4 dxe4 38.Qxf5  1-0

[Event "Chalkidiki"]
[Site "Chalkidiki"]
[Date "1992.??.??"]
[Round "3"]
[White "Khenkin, Igor"]
[Black "Kotronias, Vasilios"]
[Result "1-0"]
[WhiteElo "2570"]
[BlackElo "2550"]

1.d4 Nf6 2.c4 e6 3.Nc3 Bb4 4.f3 c5 5.d5 b5 6.e4 bxc4 7.Bxc4 Nxd5 8.Bxd5 exd5
9.Qxd5 Nc6 10.Ne2 Ba6 11.Kf2 O-O 12.Rd1 Bxc3 13.bxc3 Bxe2 14.Kxe2 Qb8 15.h3 Kh8
16.Kf2 f5 17.exf5 Ne5 18.Bf4 Rxf5 19.Rab1 Qe8 20.Qe4 g6 21.Kg3 Rb8 22.Rxb8 Qxb8
23.Rxd7 Rxf4 24.Rb7 Rxf3+ 25.gxf3 Qd6 26.f4  1-0

[Event "USA-op"]
[Site "Dearborn"]
[Date "1992.??.??"]
[Round "9"]
[White "Lower, Spencer"]
[Black "Rea, Andrew"]
[Result "1-0"]
[WhiteElo "2240"]
[BlackElo "2205"]

1.d4 Nf6 2.c4 e6 3.Nc3 Bb4 4.f3 c5 5.d5 e5 6.e4 h6 7.Bd2 d6 8.Bd3 Nbd7 9.Nge2 a6
10.a3 Ba5 11.O-O g5 12.Ng3 Nf8 13.Bc2 Ng6 14.Ba4+ Kf8 15.Rc1 Ne8 16.Be3 Ng7
17.Na2 Bc7 18.b4 b6 19.Nc3 h5 20.Rb1 h4 21.Nh1 Nf4 22.Nf2 cxb4 23.axb4 Ngh5
24.Ng4 b5 25.cxb5 Bb6 26.Qd2 axb5 27.Bxb5 Ra3 28.Ra1 Rxc3 29.Qxc3 Bxg4 30.fxg4 Nf6
31.Ra6 Bxe3+ 32.Qxe3 Qb8 33.Qb6 Kg7 34.Bc6 Qxb6+ 35.Rxb6 Nxe4 36.h3 Nc3 37.b5 Rh6
38.Rb8 Rf6 39.Kh2 Nce2 40.Ra8 Ng3 41.Rf2 e4 42.Ra3 Nfe2 43.Rxf6 Kxf6 44.Ra1 Ke7
45.b6 Kd8 46.Bb5 Nc3 47.Ra8+ Ke7 48.Re8+ Kf6 49.b7 Nce2 50.Bxe2  1-0

[Event "EU-chT (Men)"]
[Site "Debrecen"]
[Date "1992.??.??"]
[Round "6"]
[White "Gomez Esteban, Juan Mario"]
[Black "Supatashvili, Khvicha"]
[Result "0-1"]
[WhiteElo "2425"]
[BlackElo "2450"]

1.d4 Nf6 2.c4 e6 3.Nc3 Bb4 4.f3 c5 5.d5 d6 6.e4 O-O 7.Bd2 exd5 8.cxd5 Nh5
9.Nge2 f5 10.Qc2 b5 11.O-O-O Bxc3 12.bxc3 fxe4 13.fxe4 Bg4 14.Re1 Nd7 15.Ng3 Nxg3
16.hxg3 Ne5 17.Bxb5 c4 18.Bf4 Nd3+ 19.Kd2 Nxf4 20.gxf4 Rxf4 21.Bxc4 Rf2+
22.Be2 Qg5+ 23.Kd1 Rb8 24.Rhg1 Qe3 25.Bxg4 Rb1+ 26.Qxb1 Qd2+  0-1

[Event "EU-chT (Men)"]
[Site "Debrecen"]
[Date "1992.??.??"]
[Round "6"]
[White "Costa, Jean Luc"]
[Black "Tatai, Stefano"]
[Result "0-1"]
[WhiteElo "2425"]
[BlackElo "2410"]

1.d4 Nf6 2.c4 e6 3.Nc3 Bb4 4.f3 d5 5.a3 Bxc3+ 6.bxc3 c5 7.cxd5 Nxd5 8.Qd3 cxd4
9.cxd4 O-O 10.e4 Ne7 11.Bb2 Qa5+ 12.Qd2 Qxd2+ 13.Kxd2 Nbc6 14.Bc3 Rd8 15.Ke3 b6
16.Bb5 Bb7 17.Ne2 Rac8 18.Rhc1 Nb8 19.Bb4 Rxc1 20.Rxc1 Nec6 21.Be1 a6 22.Bd3 Rc8
23.Bg3 Nd7 24.Bd6 Na5 25.Rc7 Rxc7 26.Bxc7 Kf8 27.Nc3 Nc6 28.f4 Ne7 29.g4 g6
30.g5 Ke8 31.Na4 b5 32.Nc3 f5 33.gxf6 Nxf6 34.Bd6 Ng4+ 35.Kf3 Nf5 36.Kxg4 Nxd6
37.Kg5 Kf7 38.Kh6 Kg8 39.Kg5 Kg7 40.Kg4 Bc6 41.Kf3 Kf8 42.Ke3 Ke7 43.e5 Ne8
44.f5 gxf5 45.d5 Bd7 46.d6+ Nxd6 47.exd6+ Kxd6 48.Ne2 e5 49.Kd2 e4 50.Bc2 Ke5
51.Ke3 Be6 52.Nf4 Bc4 53.Bd1 a5 54.Bc2 b4 55.axb4 axb4 56.Bb1 Bb3 57.Ne2 Bd1
58.Nf4 b3 59.Ng2 Bh5 60.Nf4 Bf7 61.Ne2 Bc4 62.Nf4 b2 63.h4 Bb5 64.Bc2 Ba6
65.Bb1 Bc4 66.h5 h6 67.Ng6+ Kf6 68.Kf4 Bd3 69.Ba2 b1=Q 70.Bxb1 Bxb1 71.Nh4 e3
72.Kxe3 Kg5 73.Nf3+ Kg4 74.Ne5+ Kg3 75.Ng6 Ba2 76.Nf4 Bb3 77.Ne2+ Kg4 78.Nf4 Bd1
79.Ne6 Kg3 80.Nf4 Bg4  0-1

[Event "Dortmund op-A"]
[Site "Dortmund"]
[Date "1992.??.??"]
[Round "9"]
[White "Sakaev, Konstantin"]
[Black "Lutz, Christopher"]
[Result "1/2-1/2"]
[WhiteElo "2500"]
[BlackElo "2540"]

1.d4 Nf6 2.c4 e6 3.Nc3 Bb4 4.f3 d5 5.a3 Bxc3+ 6.bxc3 c5 7.cxd5 Nxd5 8.Qd3 O-O
9.e4 Ne7 10.Nh3 Nbc6 11.dxc5 Qa5 12.Rb1 e5 13.Rb5 Qa6 14.Nf2 Rd8 15.Qb1 Qa4
16.Qb3 Qxb3 17.Rxb3 Na5 18.Rb5 Nec6 19.f4 Be6 20.Be2 Rd7 21.f5 Bb3 22.f6 a6
23.Rb6 Rad8 24.Rf1 Be6 25.fxg7 Nc4 26.Bxc4 Bxc4 27.Bg5 Bxf1 28.Bxd8 Nxd8
29.Kxf1 Rc7 30.Nd3 Kxg7 31.Rd6 Ne6 32.c6 bxc6 33.Nxe5 Ng5 34.Rxc6 Re7 35.Nf3 Nxe4
36.Nd4 Re5 37.g4 h5 38.Nf5+ Kg8 39.h3 hxg4 40.hxg4 Ra5 41.Ke2 Rxa3 42.Ne7+ Kg7
43.Nd5 f5 44.gxf5 Ng3+ 45.Kd3 Nxf5 46.Ke4 Ng3+ 47.Ke5 Ra1 48.c4 a5 49.Ra6 a4
50.c5 Re1+ 51.Kf4 Nh5+ 52.Kf5 Ng3+ 53.Kg4 Re5 54.Nc7 Ne2 55.Rxa4 Kf7 56.Ra7 Re7  1/2-1/2

[Event "Espergarde PC"]
[Site "Espergarde"]
[Date "1992.??.??"]
[Round "6"]
[White "Malaniuk, Vladimir P"]
[Black "Rashkovsky, Nukhim N"]
[Result "1-0"]
[WhiteElo "2540"]
[BlackElo "2530"]

1.d4 Nf6 2.c4 e6 3.Nc3 Bb4 4.f3 Nc6 5.e4 d6 6.Ne2 e5 7.d5 Bxc3+ 8.Nxc3 Ne7
9.Be3 O-O 10.Qd2 a5 11.g4 Nd7 12.Ne2 Nc5 13.Ng3 Ng6 14.Be2 Bd7 15.h4 Nxh4
16.Rh2 Ng6 17.O-O-O Re8 18.Rdh1 Nf8 19.Nh5 f6 20.Nxg7 Re7 21.Nf5 Bxf5 22.gxf5 Qd7
23.Bh6 Qa4 24.Kb1 Kf7 25.Rg1 Qb4 26.f4 Ke8  1-0

[Event "Fuerteventura"]
[Site "Fuerteventura"]
[Date "1992.??.??"]
[Round "?"]
[White "Moskalenko, Viktor"]
[Black "Garcia Padron, J."]
[Result "1-0"]
[WhiteElo "2505"]
[BlackElo "2435"]

1.d4 Nf6 2.c4 e6 3.Nc3 Bb4 4.f3 d5 5.a3 Be7 6.e4 dxe4 7.fxe4 e5 8.d5 Ng4
9.Be2 h5 10.Nf3 Bc5 11.Qc2 Bf2+ 12.Kf1 O-O 13.Nd1 Bc5 14.h3 f5 15.hxg4 fxg4
16.Ke1 gxf3 17.gxf3 h4 18.Be3 Bd4 19.Qd2 Bxe3 20.Qxe3 a5 21.c5 h3 22.Nf2 Qh4
23.Kd2 h2 24.Bc4 Rf6 25.Nd3 Rh6 26.Raf1 Nd7 27.Rf2 Qg3 28.Qe2 b5 29.Ba2 b4
30.Rg2 Qh4 31.Rgxh2 Qg5+ 32.Qe3 Rxh2+ 33.Rxh2 Qxe3+ 34.Kxe3 g6 35.c6 Nb6
36.d6+ Kg7 37.d7 Bxd7 38.cxd7 Nxd7 39.Rc2 Ra7 40.Nc5 Nb6 41.Ne6+ Kf6 42.Nxc7  1-0

[Event "Gausdal Int"]
[Site "Gausdal"]
[Date "1992.??.??"]
[Round "3"]
[White "Berntsen, Sheila Barth"]
[Black "Giorgadze, Giorgi"]
[Result "0-1"]
[WhiteElo "2060"]
[BlackElo "2525"]

1.d4 Nf6 2.c4 e6 3.Nc3 Bb4 4.f3 Nc6 5.Nh3 d6 6.Nf2 Nd7 7.e3 Bxc3+ 8.bxc3 b6
9.Bd3 Na5 10.O-O O-O 11.f4 Ba6 12.Qe2 d5 13.cxd5 Bxd3 14.Qxd3 exd5 15.e4 dxe4
16.Nxe4 Nf6 17.Ba3 Re8 18.Rae1 Nxe4 19.Rxe4 Qd5 20.Rfe1 Rxe4 21.Qxe4 Qxe4
22.Rxe4 Nc4 23.Bc1 Kf8 24.Kf2 f5 25.Re6 Nd6 26.Kf3 Kf7 27.Re5 Kf6 28.d5 a5
29.Be3 Rd8 30.Bd4 Kf7 31.Ke2 g6 32.Kd3 b5 33.Re6 Rd7 34.Be5 Ne4 35.Rc6 Rxd5+
36.Ke3 Rd2 37.Rxc7+ Ke6 38.Rc6+ Kd5 39.Rb6 Kc5 40.Ra6 Rxa2 41.Bd4+ Kc4  0-1

[Event "Peer Gynt"]
[Site "Gausdal"]
[Date "1992.??.??"]
[Round "4"]
[White "Savchenko, Stanislav"]
[Black "Reeh, Oliver"]
[Result "1-0"]
[WhiteElo "2505"]
[BlackElo "2455"]

1.d4 Nf6 2.c4 e6 3.Nc3 Bb4 4.f3 d5 5.a3 Bxc3+ 6.bxc3 c5 7.cxd5 Nxd5 8.Qd3 O-O
9.e4 Ne7 10.Be3 Qa5 11.Kf2 Rd8 12.Be2 Nbc6 13.Qc4 cxd4 14.cxd4 Bd7 15.Nh3 e5
16.Ng5 Be8 17.d5 Nd4 18.Bxd4 exd4 19.Rhd1 Rac8 20.Qb4 Qxb4 21.axb4 Rc2 22.Ke1 Ng6
23.g3 h6 24.Nh3 Ne5 25.Rxd4 Bb5 26.Rd2 Bxe2 27.Rxc2 Bxf3 28.Nf2 f5 29.Kd2 fxe4
30.Ke3 Rxd5 31.Rc5 Rxc5 32.bxc5 Nc4+ 33.Kd4 e3 34.Nd3 b5 35.Rxa7 e2 36.Ne1 Bc6
37.Re7 Na5 38.Kc3 Bd5 39.Rxe2 Nc6 40.Nc2  1-0

[Event "Arnold Cup"]
[Site "Gausdal"]
[Date "1992.??.??"]
[Round "5"]
[White "Wegner, Hannu"]
[Black "Holst, Allan"]
[Result "1/2-1/2"]
[WhiteElo "2365"]
[BlackElo "2270"]

1.d4 Nf6 2.c4 e6 3.Nc3 Bb4 4.f3 d5 5.a3 Bxc3+ 6.bxc3 c5 7.cxd5 Nxd5 8.dxc5 Qa5
9.e4 Nc7 10.Be3 O-O 11.Qb3 Nc6 12.f4 Na6 13.Bb5 Bd7 14.Nf3 Ncb8  1/2-1/2

[Event "Peer Gynt"]
[Site "Gausdal"]
[Date "1992.??.??"]
[Round "6"]
[White "Murshed, Niaz"]
[Black "Davies, Nigel R"]
[Result "1/2-1/2"]
[WhiteElo "2505"]
[BlackElo "2460"]

1.d4 Nf6 2.c4 e6 3.Nc3 Bb4 4.f3 c5 5.d5 Bxc3+ 6.bxc3 d6 7.e4 Qa5 8.Qc2 Nbd7
9.dxe6 fxe6 10.Be2 Qc7 11.Nh3 b6 12.Bg5 h6 13.Be3 Bb7 14.Nf4 Nf8 15.h4 N6d7
16.O-O-O O-O-O 17.Nd3 Ng6 18.h5  1/2-1/2

[Event "Peer Gynt"]
[Site "Gausdal"]
[Date "1992.??.??"]
[Round "8"]
[White "Savchenko, Stanislav"]
[Black "Gipslis, Aivars"]
[Result "1/2-1/2"]
[WhiteElo "2505"]
[BlackElo "2465"]

1.d4 Nf6 2.c4 e6 3.Nc3 Bb4 4.f3 d5 5.a3 Bxc3+ 6.bxc3 c5 7.cxd5 Nxd5 8.Qd3 cxd4
9.cxd4 Nc6 10.e4 Nb6 11.Be3 O-O 12.Be2 f5 13.Rd1 Kh8 14.Nh3 fxe4 15.Qxe4 Nd5
16.Ng5 Nf6 17.Qd3 Qa5+ 18.Rd2 Ne7 19.O-O Ned5 20.Rb2 Nxe3 21.Qxe3 h6 22.Ne4 Nd5
23.Qb3 b6 24.Nd6 Bd7 25.Bc4 Ba4 26.Qd3 Nf4 27.Qe4 Qc3 28.Nf7+ Kg8 29.Rb4 Qd2
30.Rf2 Qc1+ 31.Rf1 Qd2  1/2-1/2

[Event "Peer Gynt"]
[Site "Gausdal"]
[Date "1992.??.??"]
[Round "8"]
[White "Sakaev, Konstantin"]
[Black "Taimanov, Mark E"]
[Result "1/2-1/2"]
[WhiteElo "2540"]
[BlackElo "2505"]

1.d4 Nf6 2.c4 e6 3.Nc3 Bb4 4.f3 d5 5.a3 Be7 6.e4 dxe4 7.fxe4 e5 8.d5 a5 9.Nf3 O-O
10.Bd3 Bg4 11.O-O Nfd7 12.Rb1 Na6 13.Be3 Bc5 14.Bxc5 Naxc5 15.Bc2 b6 16.b4 axb4
17.axb4 Nb7 18.Ba4 Nb8 19.Qb3 Bd7 20.Ra1 Qe7 21.Bxd7 Nxd7 22.Nb5 Nf6 23.Qb2 Nd6  1/2-1/2

[Event "Bundesliga 9192"]
[Site "Germany"]
[Date "1992.??.??"]
[Round "?"]
[White "Gutman, Lev"]
[Black "Kurz, Alexander"]
[Result "1-0"]
[WhiteElo "2465"]
[BlackElo "2325"]

1.d4 Nf6 2.c4 e6 3.Nc3 Bb4 4.f3 c5 5.d5 b5 6.e4 bxc4 7.Bxc4 exd5 8.Bxd5 Nxd5
9.Qxd5 Nc6 10.Ne2 Ba6 11.Ng3 O-O 12.Kf2 Rb8 13.Rd1 Nd4 14.Bf4 Rb6 15.a3 Bxc3
16.bxc3 Rb2+ 17.Rd2 Rxd2+ 18.Bxd2 Ne6 19.Rb1 Qa5 20.Nf5 Qxa3 21.Qd6 Qa2 22.Rb8 h6
23.Kg3 Bf1 24.Ne3 Bc4 25.Nf5 Bf1 26.c4 Qxc4 27.Be1 Qc1 28.Bd2 Qc2 29.Rxf8+ Nxf8
30.Qe5 f6 31.Qe7 Ne6 32.Qe8+ Kh7 33.Ne7 Nf8 34.Qxf8 Bc4 35.Bxh6 gxh6 36.Qxf6 Qd2
37.h4 Be6 38.Kh2 Qe3 39.e5 c4 40.f4 Qe4 41.f5 Qg4 42.fxe6 Qxe6 43.Qxe6 dxe6
44.Nc6 c3 45.Nd4 a5 46.h5 a4 47.Nc2  1-0

[Event "GER-ch qual"]
[Site "Gladenbach"]
[Date "1992.??.??"]
[Round "1"]
[White "Gutman, Lev"]
[Black "Mandl, Robert"]
[Result "1-0"]
[WhiteElo "2445"]
[BlackElo "2405"]

1.d4 Nf6 2.c4 e6 3.Nc3 Bb4 4.f3 d5 5.a3 Be7 6.e4 dxc4 7.Be3 Nbd7 8.Bxc4 e5
9.Nge2 O-O 10.O-O a6 11.Ba2 exd4 12.Bxd4 c5 13.Be3 Ne5 14.Nf4 b5 15.Qxd8 Rxd8
16.Ncd5 Nxd5 17.Nxd5 Bd6 18.Rad1 Rb8 19.Bg5 Re8 20.f4 Nc6 21.e5 Bf8 22.Nc7 Bg4
23.Nxe8 Bxd1 24.Nxg7 Bg4 25.h3 Bxh3 26.Nh5 Bf5 27.Nf6+ Kg7 28.g4 Bc2 29.Nh5+ Kg8
30.Bd5 Nd4 31.f5 h6 32.Nf6+ Kg7 33.Rf2 Bd6 34.Bf4 Bc7 35.Nh5+ Kg8 36.e6 Bxf4
37.exf7+ Kf8 38.Nxf4 Bb3 39.Ng6+ Kg7 40.Bxb3 Nxb3 41.f8=Q+ Rxf8 42.Nxf8 Kxf8
43.Rh2 Kg7 44.Kf2 c4 45.Ke3 a5 46.a4 b4 47.Rc2 Nc5 48.Rxc4 Nxa4 49.b3  1-0

[Event "Graz-ch"]
[Site "Graz"]
[Date "1992.??.??"]
[Round "1"]
[White "Baumegger, Siegfried"]
[Black "Supancic, Darko"]
[Result "1/2-1/2"]
[WhiteElo "1975"]
[BlackElo "2340"]

1.d4 e6 2.c4 Nf6 3.Nc3 Bb4 4.f3 c5 5.d5 Nh5 6.g3 Bxc3+ 7.bxc3 O-O 8.e4 f5
9.f4 Nf6 10.e5 Ne4 11.Bg2 Qa5 12.Bxe4 fxe4 13.Ne2 b6 14.Qb3 Bb7 15.d6 Nc6
16.O-O Qa6 17.Qb5 Rf7 18.g4 Na5 19.Ng3 Nxc4 20.Qxa6 Bxa6 21.Re1 Bb7 22.Nxe4 Bxe4
23.Rxe4 Na5 24.c4 Raf8 25.Bd2 Nc6 26.Kg2 g5 27.Kg3 gxf4+ 28.Bxf4 Nd4 29.Rae1 Kg7
30.h4 h6 31.R1e3 Kh7 32.Re1 Rg8 33.a4 h5 34.g5 Rgf8 35.Rf1 Kg6 36.Rf2 Rf5
37.Rf1 Kh7 38.Rf2 Nc6 39.Rf3 Kg6 40.Rf2 R5f7 41.Rf3 Nd4 42.Rf2 Nf5+ 43.Kh3 Rb8
44.Rb2 Nd4 45.Kg3 Nf5+ 46.Kh3 Rb7 47.Rb1 Rf8  1/2-1/2

[Event "HUN-chT"]
[Site "HUN"]
[Date "1992.??.??"]
[Round "?"]
[White "Krizsany, Laszlo"]
[Black "Barczay, Laszlo"]
[Result "1/2-1/2"]
[WhiteElo "2365"]
[BlackElo "2350"]

1.d4 Nf6 2.c4 e6 3.Nc3 Bb4 4.f3 d5 5.a3 Bxc3+ 6.bxc3 O-O 7.cxd5 exd5 8.e3 Bf5
9.g4 Nxg4 10.Ne2 Qh4+ 11.Ng3 Nf6 12.Ra2 Nc6  1/2-1/2

[Event "HUN-chT"]
[Site "HUN"]
[Date "1992.??.??"]
[Round "?"]
[White "Vegh, Endre"]
[Black "Magyar, Otto"]
[Result "1-0"]
[WhiteElo "2390"]
[BlackElo "2270"]

1.d4 Nf6 2.c4 e6 3.Nc3 Bb4 4.f3 d5 5.a3 Be7 6.e4 dxe4 7.fxe4 e5 8.d5 a5 9.Nf3 Nbd7
10.Bd3 O-O 11.O-O Bc5+ 12.Kh1 c6 13.Qe2 Ne8 14.Bg5 f6 15.Bd2 Bd4 16.Qe1 Bxc3
17.Bxc3 c5 18.Qg3 Nd6 19.a4 Rf7 20.Rae1 Qe7 21.b3 Kf8 22.Re2 Ke8 23.Ref2 Ra6
24.Qh4 g5 25.Qh5 g4 26.Qxg4 Nf8 27.Qh5 Ng6 28.g3 Kd8 29.Nh4 Nxh4 30.Qxh4 Ne8
31.Be2 Rf8 32.Bd2 Rg8 33.Bh5 f5 34.Qxe7+ Kxe7 35.Bxe8 Rxe8 36.exf5 Kf6 37.g4 Kf7
38.Rf3 b6 39.Rh3 Kg8 40.Rh6 e4 41.Be3  1-0

[Event "HUN-chT"]
[Site "HUN"]
[Date "1992.??.??"]
[Round "?"]
[White "Vegh, Endre"]
[Black "Besztercsenyi, Tibor"]
[Result "1-0"]
[WhiteElo "2390"]
[BlackElo "2275"]

1.d4 Nf6 2.c4 e6 3.Nc3 Bb4 4.f3 d5 5.a3 Bxc3+ 6.bxc3 h6 7.cxd5 exd5 8.e3 O-O
9.Bd3 Re8 10.Ne2 b6 11.O-O Ba6 12.Bxa6 Nxa6 13.Qd3 Nb8 14.Ng3 Nbd7 15.Ra2 c5
16.Re2 cxd4 17.cxd4 Rc8 18.Nf5 Re6 19.e4 Nf8 20.e5 Ne8 21.f4 Ng6 22.Nxh6+ gxh6
23.f5 Rec6 24.fxg6 Rxg6 25.e6 Nf6 26.Bf4 Ne4 27.exf7+ Kh7 28.Be5 Qe7 29.Rxe4 dxe4
30.Qxe4 Rf8 31.Rf6  1-0

[Event "HUN-chT"]
[Site "HUN"]
[Date "1992.??.??"]
[Round "?"]
[White "Csom, Istvan"]
[Black "Farago, Ivan"]
[Result "1/2-1/2"]
[WhiteElo "2490"]
[BlackElo "2520"]

1.d4 Nf6 2.c4 e6 3.Nc3 Bb4 4.f3 d5 5.a3 Bxc3+ 6.bxc3 c5 7.cxd5 Nxd5 8.dxc5 Qa5
9.e4 Nf6 10.Be3 O-O 11.Qb3 e5 12.Bc4 Nc6 13.Ne2 Qc7 14.Bd5 Na5 15.Qb4 Be6
16.c4 Nc6 17.Qb2 Na5 18.Qb4 Nc6 19.Qb2 Na5 20.Qb4  1/2-1/2

[Event "HUN-chT"]
[Site "HUN"]
[Date "1992.??.??"]
[Round "9"]
[White "Mester, Gyula"]
[Black "Lorincz, Istvan"]
[Result "1-0"]
[WhiteElo "2315"]
[BlackElo "2340"]

1.d4 Nf6 2.c4 e6 3.Nc3 Bb4 4.f3 d5 5.a3 Bxc3+ 6.bxc3 c6 7.e3 b6 8.cxd5 exd5
9.Bd3 O-O 10.Ne2 Re8 11.O-O Ba6 12.Bxa6 Nxa6 13.Qd3 Nc7 14.Ng3 Ne6 15.Bb2 c5
16.Rae1 cxd4 17.cxd4 Rc8 18.e4 g6 19.Bc1 Rc4 20.Be3 Qc7 21.e5 Rc3 22.Qb5 Nd7
23.Qxd5 Rxa3 24.Ne4 Kg7 25.Nd6 Qb8 26.Nxe8+ Qxe8 27.f4  1-0

[Event "Iraklion op"]
[Site "Iraklion"]
[Date "1992.??.??"]
[Round "4"]
[White "Vegh, Endre"]
[Black "Lazic, Miroljub"]
[Result "1-0"]
[WhiteElo "2390"]
[BlackElo "2430"]

1.d4 Nf6 2.c4 e6 3.Nc3 Bb4 4.f3 c5 5.d5 Nh5 6.Nh3 f5 7.e4 O-O 8.Bg5 Qe8 9.Be2 h6
10.Bd2 fxe4 11.fxe4 Nf6 12.O-O Bxc3 13.Bxc3 Nxe4 14.Rxf8+ Qxf8 15.Qd3 Nxc3
16.bxc3 Qf5 17.Qg3 d6 18.Bd3 Qf7 19.Rf1 Qe8 20.Qxd6 Nd7 21.dxe6 Nf6 22.Nf4 Qc6
23.Qe5 b6 24.Qf5 Bb7 25.Nd5 Kh8 26.Rf2  1-0

[Event "Karlsruhe U20"]
[Site "Karlsruhe"]
[Date "1992.??.??"]
[Round "7"]
[White "Roetteler, Martin"]
[Black "Gerigk, Erasmus"]
[Result "1/2-1/2"]
[WhiteElo "2240"]
[BlackElo "2270"]

1.d4 Nf6 2.c4 e6 3.Nc3 Bb4 4.f3 d5 5.a3 Be7 6.e3 O-O 7.cxd5 exd5 8.Bd3 c5
9.Nge2 Re8 10.O-O Nc6 11.Bc2 Be6 12.Nf4 Qd7 13.Qd3 g6 14.Nxe6 Qxe6 15.Bd2 Rad8
16.Rad1 Qc8 17.Rfe1 Qb8 18.Ne2 Bd6 19.dxc5 Bxh2+ 20.Kf2 Be5 21.Ba4 Nh5 22.Bc3 Bg3+
23.Nxg3 Qxg3+ 24.Kf1 Qh4 25.Bxc6 bxc6 26.Qa6 Re6 27.Qxa7 Ng3+ 28.Kg1 Nf5
29.Qc7 Nxe3 30.g3 Qg5 31.Rd3 Rde8 32.Bd2 Re5 33.Rdxe3 Rxe3 34.Rxe3 Rxe3 35.Bxe3 Qxe3+
36.Kg2 Qxc5 37.Qb8+ Kg7 38.Qe5+ f6 39.Qc7+ Kg8 40.Qc8+ Kf7 41.Qd7+ Kg8 42.Qd8+ Kf7
43.Qd7+  1/2-1/2

[Event "JUG-ch"]
[Site "Kladovo"]
[Date "1992.??.??"]
[Round "3"]
[White "Ilincic, Zlatko"]
[Black "Jevtic, Miodrag"]
[Result "1-0"]
[WhiteElo "2445"]
[BlackElo "2380"]

1.d4 Nf6 2.c4 e6 3.Nc3 Bb4 4.f3 d5 5.a3 Bxc3+ 6.bxc3 Nh5 7.Nh3 c5 8.Nf2 Nc6
9.e3 O-O 10.Be2 Nf6 11.O-O Re8 12.Ra2 b6 13.cxd5 exd5 14.Bb5 Re6 15.e4 cxd4
16.cxd4 a6 17.Ba4 b5 18.Bb3 Na5 19.e5 Nxb3 20.Qxb3 Ne8 21.Rc2 Nc7 22.Bd2 Ne8
23.Rfc1 Rg6 24.Rc5 Be6 25.Nd3 Qh4 26.Nf4 Rh6 27.h3 g5 28.Nxe6 fxe6 29.Rxd5 Ng7
30.Rd7 Nf5 31.Rcc7 Nxd4 32.Qd3  1-0